000 00454nam a2200181Ia 4500
005 20250923144256.0
008 008 250917s9999 xx 000 0 eng d
037 _aTextual
040 _aDSWL
_beng
_cDSWL
041 _aeng
_2eng
084 _qDSWL
100 _aMaciver, R.M
_9823133
245 0 _aWeb of Government
_cby R.M Maciver
260 _aNew York
_c1948
300 _a498 p.
942 _cTEXL
999 _c1436907
_d1436907